000 00234nam a22000977a 4500
003 SGT
245 _aJournal of Indian Prosthodontic Society
260 _bMedknow Publications
_c2006-2009
300 _a214; 219; 238; 242
942 _2ddc
_cBV
999 _c27449
_d27449